| 000 | 00528nam a22001697a 4500 | ||
|---|---|---|---|
| 003 | OSt | ||
| 005 | 20260202113412.0 | ||
| 008 | 260202b |||||||| |||| 00| 0 eng d | ||
| 040 | _cMRSPTU | ||
| 041 | _aEnglish | ||
| 100 | _aShashipal Singla, Supervisor: Dr. Manjeet Bansal | ||
| 245 | _aStudy of Durability in High Volume Fly Ash Concrete | ||
| 260 |
_bDepartment of Civil Engg. MRSPTU, Bathinda _c2017 |
||
| 650 | _aCivil Engineering | ||
| 856 | _uhttp://163.47.215.52:8080/jspui/handle/123456789/409 | ||
| 942 |
_2ddc _cTH _n0 |
||
| 999 |
_c10819 _d10819 |
||